000 00739nam a2200217Ia 4500
001 7340
003 GE_BSU
008 181216s||||||||xx |||||||||||||| ||und||
020 _a9994013459
040 _cGE_BSU
100 _aსურმანიძე რამაზ.
245 _aმელიქიშვილები. გრიგოლი, სტეფანე, პეტრე, იოსები, ეკატერინე.
245 _cრედ: გ. სალიაშვილი.
260 _aთბილისი.
260 _bთბილისის უნ-ტის გამ-ბა.
260 _c2003.
300 _a176 გვ; 20 სმ.
300 _bილ.
653 _a929.52( 479.22)
942 _cBK
999 _c40704
_d40704